PSV Squad 24/25 - Statistics

General Stats
  • This quiz has been taken 61 times
    21 since last reset
  • The average score is 18 of 27
Answer Stats
# Nation Former Club Answer % Correct
10 Netherlands Club Brugge Noa Lang
100%
9 Netherlands Sevilla Luuk de Jong
95%
8 USA Barcelona Sergino Dest
95%
27 Mexico Napoli Hirving Lozano
89%
1 Argentina Nice Walter Benitez
89%
23 Netherlands Heerenveen Joey Veerman
84%
18 France Nice Olivier Boscagli
84%
20 Netherlands Spartak Moscow Guus Til
79%
22 Netherlands Bologna Jerdy Schouten
79%
11 Belgium Youth Johan Bakayoko
79%
2 Netherlands Roma Rick Karsdorp
79%
6 Netherlands Utrecht Ryan Flamingo
79%
3 Netherlands Man United Tyrell Malacia
79%
5 Croatia Hajduk Split Ivan Perisic
74%
7 USA Bayern Malik Tillman
74%
17 Brazil Youth Mauro Junior
74%
14 USA Augsburg Ricardo Pepi
74%
21 Morocco Excelsior Couhaib Driouech
58%
34 Morocco Youth Ismael Saibari
58%
39 Burkina Faso Nordsjaelland Adamo Nagalo
47%
4 Netherlands Youth Armando Obispo
47%
37 USA Real Monarchs Richard Ledezma
47%
19 Bosnia New England Esmir Bajraktarevic
32%
28 Netherlands Youth Tygo Land
32%
26 Belgium Youth Isaac Babadi
26%
16 Netherlands Twente Joel Drommel
26%
24 Netherlands Youth Niek Schiks
16%
No matching quizzes found
Score Distribution
Percent of People with Each Score
Percentile by Number Answered
Your Score History
You have not taken this quiz since the last reset